| 000 | 00888cam a2200265 i 4500 | ||
|---|---|---|---|
| 001 | 329403IP | ||
| 003 | EG-ScBUE | ||
| 005 | 20230807093238.0 | ||
| 008 | 720531s1966 enka f b 00010 eng d | ||
| 040 |
_aEG-ScBUE _beng _erda _cFIN _dm.c. _dOCL _dIUP _dEG-ScBUE |
||
| 082 | 0 | 4 |
_222 _a910 _bGEO |
| 245 | 0 | 0 |
_aGeography as human ecology : _bmethodology by example / _cedited by S. R. Eyre and G. R. J. Jones. |
| 264 | 1 |
_aLondon : _bEdward Arnold, _c1966. |
|
| 300 |
_axii, 308 pages : _billustrations ; _c24 cm |
||
| 336 |
_2rdacontent _atext _btxt |
||
| 337 |
_2rdamedia _aunmediated _bn |
||
| 338 |
_2rdacarrier _avolume _bnc |
||
| 504 | _aIncludes bibliographical references. | ||
| 650 | 7 |
_aHuman geography. _2BUEsh _924253 |
|
| 653 |
_bGGEN _cMarch2018 |
||
| 655 | _vReading book | ||
| 700 | 1 |
_aJones, Glanville Rees Jeffrey, _eeditor. |
|
| 700 | 1 |
_aEyre, S. R., _eeditor. |
|
| 942 |
_2ddc _cBB |
||
| 999 |
_c26348 _d26320 |
||